ZDRAVOTNÍ STAV OBYVATEĽSTVA NA SLOVENSKU A JEHO ZDRAVOTNÁ VÝCHOVA

Bibliographic Details
Main Author: Stodola, Ivan, 1888-1977 (Author)
Format: Article
Language:Slovak

MARC

LEADER 00000nab a2200000ua 4500
001 vtls010783182
003 SK-MaSNL
005 20260303191821.0
008 230214s1932 xo |||||||||||||||||slo|
035 |a (urnnbn)urn:nbn:sk:snk:ar-a03kij 
035 |a (uuid)2119d97e-f3cd-480f-997d-5e82fc220aeb 
035 |a urn:nbn:sk:snk-ab5bxz 
040 |a SNKBUCL  |b slo  |c SNKBUCL  |e AACR2 
041 0 |a slo 
044 |a xo  |c SK 
100 1 |a Stodola, Ivan,  |d 1888-1977  |4 aut  |9 85500 
245 1 0 |a ZDRAVOTNÍ STAV OBYVATEĽSTVA NA SLOVENSKU A JEHO ZDRAVOTNÁ VÝCHOVA  |c Ivan Stodola 
773 0 |t Bratislavské lekárske listy  |g Roč. 12, č. 3 (1932), s. 161-173 
954 |a odborná, vedecká literatúra pôvodná (slovenská)  |2 lita 
958 |a OND 
958 |a EUIPO 
958 |a article3 
999 |c 2143021  |d 2144951